Basic managerial finance

Guardat en:
Dades bibliogràfiques
Autors principals: Grunewald, Adolph E (Autor), Nemmers, Erwin Esser (Autor)
Format: Llibre
Idioma:anglès
Publicat: Nueva York Holt, Rinehart and Winston 1970
Col·lecció:Holt, Rinehart and Winston Series in Finance
Matèries:
Etiquetes: Afegir etiqueta
Sense etiquetes, Sigues el primer a etiquetar aquest registre!

MARC

LEADER 00000nam a2200000 a 4500
001 UCQ1858
003 CL-VaPUC
008 980721e19700000US |||||||||||||||||eng|d
082 0 4 |a 658.15  |b GRU  |2 21 
100 0 |a Grunewald, Adolph E  |e author  |9 415779 
700 0 |a Nemmers, Erwin Esser  |e author  |9 415780 
245 1 0 |a Basic managerial finance 
300 |a 679 p 
942 |c BK 
945 |d 19980721 00:00:00  |a cmena 
260 |a Nueva York  |b Holt, Rinehart and Winston  |c 1970 
650 0 |a Administración financiera  |9 261146 
650 0 |a Estados de cuentas  |9 352305 
650 0 |a Administración de empresas   |9 260833 
650 0 |a Auditoría  |9 307008 
650 0 |a Finanzas  |9 260832 
650 7 |a PLANIFICACION Y CONTROL  |2 CL-VaPUC  |9 415781 
650 0 |a Control presupuestario  |9 345693 
650 0 |a Inversiones  |9 345867 
650 7 |a ESTRATEGIAS  |2 CL-VaPUC  |9 342878 
650 0 |a Capital   |9 263726 
583 |a last modification  |c 19980721 00:00:00  |k Rodrigo Vera 
490 0 |a Holt, Rinehart and Winston Series in Finance 
999 |c 272701  |d 272699 
952 |0 0  |1 0  |4 0  |6 658_150000000000000_GRU_1970  |7 0  |8 P  |9 307827  |a BIBGIM  |b BIBGIM  |d 2019-11-20  |i 1441868  |o 658.15 GRU 1970  |p 1441868  |r 2025-01-15  |w 2019-11-20  |y BK  |k COM 
952 |0 0  |1 0  |4 0  |6 658_150000000000000_GRU_1970  |7 0  |8 P  |9 307828  |a BIBGIM  |b BIBGIM  |d 2019-11-20  |i 1441876  |o 658.15 GRU 1970  |p 1441876  |r 2025-01-15  |w 2019-11-20  |y BK  |k COM